Miracle - Calvin Harris ft. Ellie Goulding (All Lyrics) - Statistics

General Stats
  • This quiz has been taken 27 times
  • The average score is 122 of 166
Answer Stats
Lyrics % Correct
a
100%
I
100%
me.
100%
me?
100%
you
100%
miracle?
94%
miracle.
94%
to
89%
To
89%
When
89%
believe
83%
believe.
83%
different
83%
go.
83%
In
83%
in
83%
Oh,
83%
place
83%
There's
83%
hold
78%
no.
78%
touch
78%
Are
67%
it
67%
Can
61%
chance
61%
high.
61%
on
61%
too
61%
take
56%
cynical
50%
get
50%
It's
50%
vulnerable.
50%
light.
44%
all
39%
forgive
39%
my
39%
but
33%
could
33%
through
28%
Yeah,
28%
hands,
22%
hell,
22%
I'm
22%
Let
22%
askin'
17%
put
17%
slip
6%
No matching quizzes found
Score Distribution
Percent of People with Each Score
Percentile by Number Answered
Your Score History
You have not taken this quiz